[Event "Titled Tuesday intern op 08th Nov Early"]
[Site "Chess.com INT"]
[Date "2022.11.08"]
[Round "6"]
[White "Tokhirjanova, Hulkar"]
[Black "Garrido, Denis"]
[Result "1-0"]
[WhiteElo "2158"]
[BlackElo "2205"]
[PlyCount "45"]
[EventDate "2022.11.08"]
[EventType "swiss (blitz)"]
[EventRounds "11"]
[EventCountry "USA"]
[SourceTitle "EXT 2024"]
[Source "ChessBase"]
[SourceDate "2023.10.10"]
[SourceVersion "1"]
[SourceVersionDate "2023.10.10"]
[SourceQuality "1"]

1. e4 e5 2. d4 exd4 3. Qxd4 Nc6 4. Qe3 Nf6 5. Nc3 Bb4 6. Bd2 0-0 7. 0-0-0 Re8 8. Qg3 Nxe4 9. Nxe4 Rxe4 10. c3 Bd6 11. f4 Qf6 12. Nh3 b6 13. Bd3 Re7 14. Ng5 g6 15. h4 Bb7 16. h5 Rae8 17. hxg6 fxg6 18. Bc4+ Kh8 19. Qh4 Qg7 20. Nxh7 Qxh7 21. Qf6+ Rg7 22. Rxh7+ Kxh7 23. Rh1# 1-0

[Event "Titled Tuesday intern op 08th Nov Early"]
[Site "Chess.com INT"]
[Date "2022.11.08"]
[Round "8"]
[White "Tokhirjanova, Hulkar"]
[Black "Roque Sola, Gisela"]
[Result "0-1"]
[WhiteElo "2158"]
[BlackElo "2061"]
[PlyCount "72"]
[EventDate "2022.11.08"]
[EventType "swiss (blitz)"]
[EventRounds "11"]
[EventCountry "USA"]
[SourceTitle "EXT 2024"]
[Source "ChessBase"]
[SourceDate "2023.10.10"]
[SourceVersion "1"]
[SourceVersionDate "2023.10.10"]
[SourceQuality "1"]

1. e4 c5 2. Nf3 Nc6 3. d4 cxd4 4. Nxd4 Nf6 5. Nc3 e5 6. Ndb5 d6 7. Bg5 a6 8. Na3 b5 9. Nd5 Be7 10. Bxf6 Bxf6 11. c4 b4 12. Nc2 0-0 13. Ncxb4 Nxb4 14. Nxb4 Qb6 15. Qd2 Rb8 16. Nd3 Bb7 17. f3 Rfc8 18. b3 a5 19. g3 a4 20. Bh3 Rc7 21. Rb1 Rxc4 22. Nf2 Rd4 23. Qc2 Qb4+ 24. Kf1 Ba6+ 25. Kg2 Rd2 26. Qc7 Bd8 27. Qc6 Bb6 28. Rhf1 Bxf1+ 29. Rxf1 axb3 30. axb3 Qd4 31. Bc8 Rxf2+ 32. Kh3 g6 33. Rc1 Kg7 34. Rc4 Qe3 35. Qxd6 Qh6+ 36. Kg4 Qh5# 0-1

[Event "Titled Tuesday intern op 08th Nov Early"]
[Site "Chess.com INT"]
[Date "2022.11.08"]
[Round "3"]
[White "Tokhirjanova, Hulkar"]
[Black "Simonovic, Miroslav"]
[Result "0-1"]
[WhiteElo "2158"]
[BlackElo "2115"]
[PlyCount "132"]
[EventDate "2022.11.08"]
[EventType "swiss (blitz)"]
[EventRounds "11"]
[EventCountry "USA"]
[SourceTitle "EXT 2024"]
[Source "ChessBase"]
[SourceDate "2023.10.10"]
[SourceVersion "1"]
[SourceVersionDate "2023.10.10"]
[SourceQuality "1"]

1. e4 c5 2. Nf3 Nc6 3. d4 cxd4 4. Nxd4 a6 5. Nc3 e5 6. Nb3 Nf6 7. Be2 Be7 8. 0-0 0-0 9. f4 d6 10. Kh1 exf4 11. Rxf4 Be6 12. Be3 d5 13. exd5 Nxd5 14. Nxd5 Bxd5 15. Rf1 Bg5 16. Bc5 Be7 17. Bf3 Bxf3 18. Qxf3 Qc7 19. Bxe7 Nxe7 20. c3 Rad8 21. Nd4 Nc6 22. Rad1 Nxd4 23. Rxd4 Rxd4 24. cxd4 Rd8 25. d5 f6 26. h3 Qe5 27. Rd1 h5 28. Qb3 Rd7 29. d6+ Kh8 30. Qb4 b5 31. a4 Kh7 32. a5 g5 33. b3 Kg6 34. Qd2 g4 35. hxg4 hxg4 36. Qd3+ Qf5 37. Qd4 g3 38. Kg1 Kg5 39. Rf1 Qe5 40. Qd2+ Kg6 41. Qd3+ Kg7 42. Rd1 Qc5+ 43. Qd4 Qxd4+ 44. Rxd4 Kf7 45. Kf1 Ke6 46. Ke2 Rxd6 47. Rxd6+ Kxd6 48. Kf3 Kc5 49. Kxg3 Kb4 50. Kf4 Kxb3 51. Kf5 Kc2 52. Kxf6 b4 53. g4 b3 54. g5 b2 55. g6 b1Q 56. g7 Qf1+ 57. Kg6 Qg2+ 58. Kh7 Qh3+ 59. Kg8 Kb3 60. Kf8 Qf5+ 61. Ke8 Qg6+ 62. Kf8 Qf6+ 63. Kg8 Kb4 64. Kh8 Kxa5 65. Kh7 Qxg7+ 66. Kxg7 Kb4 0-1

[Event "Tashkent IM 01"]
[Site "Tashkent"]
[Date "2015.03.07"]
[Round "8"]
[White "Tokhirjanova, Hulkar"]
[Black "Kurbonboeva, Sarvinoz"]
[Result "1-0"]
[WhiteElo "2135"]
[BlackElo "2185"]
[PlyCount "69"]
[EventDate "2015.03.04"]
[EventType "tourn"]
[EventRounds "9"]
[EventCountry "UZB"]
[EventCategory "1"]
[SourceTitle "CBM 165 Extra"]
[Source "ChessBase"]
[SourceDate "2015.04.21"]
[SourceVersion "1"]
[SourceVersionDate "2015.04.21"]
[SourceQuality "1"]

1. e4 c5 2. Nf3 Nc6 3. d4 cxd4 4. Nxd4 g6 5. Nc3 Bg7 6. Be3 d6 7. Qd2 Nf6 8. f3 0-0 9. 0-0-0 d5 10. Kb1 Nxd4 11. e5 Nd7 12. Bxd4 Nxe5 13. Qe1 Nc6 14. Bxg7 Kxg7 15. Nxd5 Bd7 16. Bb5 Re8 17. h4 a6 18. Bxc6 bxc6 19. Ne3 e5 20. h5 Qe7 21. hxg6 fxg6 22. Nc4 Rad8 23. Nd6 Rf8 24. Qe3 Kg8 25. b3 Bf5 26. Nc4 e4 27. Rxd8 Rxd8 28. Re1 Qb4 29. fxe4 Re8 30. e5 Be6 31. Nd6 Rd8 32. Rh1 a5 33. Ne4 Kh8 34. Nf6 Bg8 35. Qa7 1-0

[Event "Tashkent IM 01"]
[Site "Tashkent"]
[Date "2015.03.04"]
[Round "4"]
[White "Dmitrenko, Viktor"]
[Black "Tokhirjanova, Hulkar"]
[Result "1/2-1/2"]
[WhiteElo "2344"]
[BlackElo "2135"]
[PlyCount "31"]
[EventDate "2015.03.04"]
[EventType "tourn"]
[EventRounds "9"]
[EventCountry "UZB"]
[EventCategory "1"]
[SourceTitle "CBM 165 Extra"]
[Source "ChessBase"]
[SourceDate "2015.04.21"]
[SourceVersion "1"]
[SourceVersionDate "2015.04.21"]
[SourceQuality "1"]

1. Nf3 Nf6 2. c4 e6 3. g3 d5 4. Bg2 dxc4 5. Qc2 c6 6. Qxc4 b5 7. Qc2 Bb7 8. 0-0 c5 9. a4 a6 10. axb5 axb5 11. Rxa8 Bxa8 12. Na3 b4 13. Nc4 Nbd7 14. d3 Be7 15. Bf4 0-0 16. Ra1 1/2-1/2

[Event "Tashkent IM 01"]
[Site "Tashkent"]
[Date "2015.03.04"]
[Round "1"]
[White "Tokhirjanova, Hulkar"]
[Black "Tsyhanchuk, Stanislav"]
[Result "0-1"]
[WhiteElo "2135"]
[BlackElo "2402"]
[PlyCount "112"]
[EventDate "2015.03.04"]
[EventType "tourn"]
[EventRounds "9"]
[EventCountry "UZB"]
[EventCategory "1"]
[SourceTitle "CBM 165 Extra"]
[Source "ChessBase"]
[SourceDate "2015.04.21"]
[SourceVersion "1"]
[SourceVersionDate "2015.04.21"]
[SourceQuality "1"]

1. e4 Nf6 2. e5 Nd5 3. Nc3 Nb6 4. d4 d6 5. f4 dxe5 6. fxe5 Nc6 7. Be3 Bf5 8. a3 e6 9. Nf3 Be7 10. Be2 0-0 11. 0-0 f6 12. Bb5 Nd5 13. Nxd5 Qxd5 14. Qe2 fxe5 15. c4 Qd6 16. Bxc6 Qxc6 17. Nxe5 Qa4 18. Rac1 h6 19. Rc3 Rf6 20. Bf2 Raf8 21. Rf3 Qe8 22. b4 Qd8 23. Qe3 Bh7 24. Bg3 Rxf3 25. Nxf3 Bf5 26. Re1 c6 27. Ne5 a5 28. Qc3 axb4 29. axb4 h5 30. h3 Bd6 31. Bf2 Qg5 32. c5 Bc7 33. Qe3 Qxe3 34. Rxe3 Ra8 35. Be1 Ra1 36. Kf2 Bd8 37. Bc3 Ra2+ 38. Re2 Bh4+ 39. Kf1 Ra3 40. g4 hxg4 41. hxg4 Rxc3 42. gxf5 exf5 43. Ng6 Rf3+ 44. Kg1 Bf6 45. Ne7+ Kf7 46. Kg2 Rf4 47. Nc8 Rxd4 48. Nd6+ Kg6 49. Nxb7 Rxb4 50. Na5 Rb5 51. Nxc6 Rxc5 52. Nb4 Kg5 53. Nd3 Rc3 54. Nf2 Bd4 55. Nh3+ Kg4 56. Rd2 Rg3+ 0-1

[Event "Asian Continental op (Women) 13th"]
[Site "Sharjah"]
[Date "2014.04.20"]
[Round "4"]
[White "Sachdev, Tania"]
[Black "Tokhirjanova, Hulkar"]
[Result "1-0"]
[WhiteElo "2427"]
[BlackElo "2126"]
[PlyCount "111"]
[EventDate "2014.04.17"]
[EventType "swiss"]
[EventRounds "9"]
[EventCountry "UAE"]
[SourceTitle "CBM 160 Extra"]
[Source "ChessBase"]
[SourceDate "2014.07.01"]
[SourceVersion "1"]
[SourceVersionDate "2014.07.01"]
[SourceQuality "1"]

1. d4 f5 2. Nf3 Nf6 3. g3 g6 4. c4 Bg7 5. b4 0-0 6. Bb2 d6 7. Bg2 c6 8. a4 Qc7 9. 0-0 Ne4 10. Nbd2 Nxd2 11. Qxd2 Nd7 12. d5 Nf6 13. Nd4 e5 14. dxe6 Qe7 15. Rfd1 Bxe6 16. Nxe6 Qxe6 17. b5 Ne4 18. Bxe4 Qxe4 19. Bxg7 Kxg7 20. Qxd6 Qxc4 21. Qe5+ Kg8 22. Rac1 Qa2 23. Rd7 Rf7 24. bxc6 bxc6 25. Rxf7 Qxf7 26. Rxc6 Re8 27. Qb5 Rd8 28. a5 Rd5 29. Qb8+ Kg7 30. Qb2+ Kh6 31. Qc1+ f4 32. a6 Rd4 33. e3 Rd3 34. e4 Kh5 35. Rc7 Rd7 36. Rxd7 Qxd7 37. Qxf4 g5 38. Qf3+ Kh6 39. Qf6+ Kh5 40. Kg2 h6 41. Qf3+ Kg6 42. Qf5+ Qxf5 43. exf5+ Kxf5 44. f3 Ke5 45. Kf2 Kd4 46. Ke2 h5 47. h3 Kd5 48. Ke3 Ke5 49. f4+ gxf4+ 50. gxf4+ Kf5 51. Kf3 Kf6 52. Ke4 Ke6 53. f5+ Kf6 54. Kf4 h4 55. Kg4 Ke5 56. Kg5 1-0

[Event "UZB-ch (Women)"]
[Site "Tashkent"]
[Date "2014.04.01"]
[Round "9"]
[White "Baymuratova, Sevara"]
[Black "Tokhirjanova, Hulkar"]
[Result "1/2-1/2"]
[WhiteElo "2149"]
[BlackElo "2126"]
[PlyCount "63"]
[EventDate "2014.03.24"]
[EventType "tourn"]
[EventRounds "11"]
[EventCountry "UZB"]
[SourceTitle "CBM 159 Extra"]
[Source "ChessBase"]
[SourceDate "2014.04.24"]
[SourceVersion "1"]
[SourceVersionDate "2014.04.24"]
[SourceQuality "1"]

1. c4 e6 2. d4 Nf6 3. Nf3 b6 4. g3 Bb7 5. Bg2 Bb4+ 6. Bd2 a5 7. 0-0 0-0 8. Bg5 h6 9. Bxf6 Qxf6 10. a3 Be7 11. Nc3 d6 12. Qc2 Nd7 13. Rfd1 Rfd8 14. Ng5 Qxg5 15. Bxb7 Rab8 16. Bg2 c5 17. e3 Nf6 18. Rd2 cxd4 19. Rxd4 Rbc8 20. Qe2 Qc5 21. Bf1 d5 22. cxd5 Nxd5 23. Nxd5 Rxd5 24. Rad1 Rcd8 25. Rxd5 Rxd5 26. Rxd5 Qxd5 27. Qb5 Qxb5 28. Bxb5 Bf6 29. b3 Kf8 30. Kf1 Ke7 31. Ke2 Bb2 32. a4 1/2-1/2

[Event "UZB-ch (Women)"]
[Site "Tashkent"]
[Date "2014.03.29"]
[Round "6"]
[White "Tokhirjanova, Hulkar"]
[Black "Tokhirjonova, Gulruhbegim"]
[Result "1/2-1/2"]
[WhiteElo "2126"]
[BlackElo "2115"]
[PlyCount "25"]
[EventDate "2014.03.24"]
[EventType "tourn"]
[EventRounds "11"]
[EventCountry "UZB"]
[SourceTitle "CBM 159 Extra"]
[Source "ChessBase"]
[SourceDate "2014.04.24"]
[SourceVersion "1"]
[SourceVersionDate "2014.04.24"]
[SourceQuality "1"]

1. e4 e5 2. Nf3 Nc6 3. Bb5 a6 4. Ba4 Nf6 5. 0-0 Be7 6. Re1 b5 7. Bb3 0-0 8. c3 Re8 9. Ng5 Rf8 10. Nf3 Re8 11. Ng5 Rf8 12. Nf3 Re8 13. Ng5 1/2-1/2

[Event "UZB-ch (Women)"]
[Site "Tashkent"]
[Date "2014.03.24"]
[Round "1"]
[White "Tokhirjanova, Hulkar"]
[Black "Ibragimova, Iroda"]
[Result "1-0"]
[WhiteElo "2126"]
[BlackElo "1953"]
[PlyCount "109"]
[EventDate "2014.03.24"]
[EventType "tourn"]
[EventRounds "11"]
[EventCountry "UZB"]
[SourceTitle "CBM 159 Extra"]
[Source "ChessBase"]
[SourceDate "2014.04.24"]
[SourceVersion "1"]
[SourceVersionDate "2014.04.24"]
[SourceQuality "1"]

1. e4 e6 2. d4 d5 3. Nd2 Nc6 4. Ngf3 Nf6 5. e5 Nd7 6. Be2 f6 7. exf6 Qxf6 8. Nf1 Bd6 9. Ne3 Nf8 10. c4 dxc4 11. Nxc4 Bb4+ 12. Bd2 Bxd2+ 13. Qxd2 Ng6 14. 0-0 0-0 15. Rad1 e5 16. d5 Rd8 17. Qe3 Nb4 18. d6 cxd6 19. Qb3 Nf4 20. Rfe1 Nc6 21. Nxd6+ Be6 22. Bc4 Rf8 23. Ne4 Qg6 24. Bxe6+ Qxe6 25. Qxe6+ Nxe6 26. Nd6 Nf4 27. Nxe5 Nxe5 28. Rxe5 Rad8 29. Ree1 Rd7 30. Ne4 Rc7 31. g3 Ng6 32. Rc1 Rd7 33. f4 Rfd8 34. Re2 Ne7 35. Nc5 Rc7 36. Rce1 Rxc5 37. Rxe7 Rc2 38. R7e2 Rxe2 39. Rxe2 Kf7 40. Kf2 Kf6 41. Rc2 Rd7 42. Ke3 g5 43. a3 gxf4+ 44. gxf4 Kf5 45. Rc5+ Kg4 46. Rg5+ Kh4 47. Rg3 h5 48. f5 Re7+ 49. Kf4 Re2 50. f6 Re6 51. Kf5 Re8 52. f7 Rc8 53. Kf6 b5 54. Kg7 b4 55. f8Q 1-0

[Event "Central Asia Cup 3rd"]
[Site "Dushanbe"]
[Date "2013.10.20"]
[Round "9"]
[White "Kabilov, Amin"]
[Black "Tokhirjanova, Hulkar"]
[Result "1-0"]
[WhiteElo "2153"]
[BlackElo "2135"]
[PlyCount "115"]
[EventDate "2013.10.12"]
[EventType "swiss"]
[EventRounds "9"]
[EventCountry "TJK"]
[SourceTitle "EXT 2014"]
[Source "ChessBase"]
[SourceDate "2013.11.20"]
[SourceVersion "1"]
[SourceVersionDate "2013.11.20"]
[SourceQuality "1"]

1. e4 c6 2. d3 d5 3. Nd2 g6 4. g3 Bg7 5. Bg2 Nf6 6. Ngf3 0-0 7. 0-0 c5 8. Qe2 Nc6 9. c3 e5 10. Re1 Re8 11. Nf1 h6 12. Qc2 Be6 13. Be3 d4 14. Bd2 Qd7 15. c4 Rf8 16. Qc1 Kh7 17. Nh4 Bh3 18. a3 a5 19. b3 Nh5 20. Qd1 Bxg2 21. Kxg2 Ne7 22. b4 axb4 23. axb4 Rxa1 24. Qxa1 f5 25. Qd1 Bf6 26. Nxf5 Nxf5 27. exf5 Qxf5 28. Qe2 b6 29. Ra1 Bg7 30. Ra7 Nf6 31. f3 Nd7 32. g4 Qe6 33. Ng3 Rf7 34. Ne4 Nf6 35. Rxf7 Qxf7 36. bxc5 Nxe4 37. Qxe4 bxc5 38. h4 Bf6 39. Kg3 Bd8 40. h5 Qf6 41. Kg2 Be7 42. hxg6+ Kg7 43. Qf5 Qxg6 44. Qxe5+ Bf6 45. Qe4 h5 46. Qxg6+ Kxg6 47. gxh5+ Kxh5 48. Kg3 Bh4+ 49. Kh3 Bf2 50. Bf4 Be1 51. Bd6 Bb4 52. f4 Kg6 53. Kg4 Kf6 54. f5 Ba3 55. Kf4 Bc1+ 56. Ke4 Ba3 57. Kd5 Kxf5 58. Bxc5 1-0

[Event "Central Asia Cup 3rd"]
[Site "Dushanbe"]
[Date "2013.10.14"]
[Round "3"]
[White "Maznitsin, Andrei"]
[Black "Tokhirjanova, Hulkar"]
[Result "1-0"]
[WhiteElo "2306"]
[BlackElo "2135"]
[PlyCount "51"]
[EventDate "2013.10.12"]
[EventType "swiss"]
[EventRounds "9"]
[EventCountry "TJK"]
[SourceTitle "EXT 2014"]
[Source "ChessBase"]
[SourceDate "2013.11.20"]
[SourceVersion "1"]
[SourceVersionDate "2013.11.20"]
[SourceQuality "1"]

1. c4 e5 2. Nc3 d6 3. Nf3 Nc6 4. g3 g6 5. d4 Bg7 6. dxe5 Nxe5 7. Nxe5 Bxe5 8. Bg2 c6 9. 0-0 Be6 10. Qd3 Qb6 11. Ne4 d5 12. Ng5 Ne7 13. cxd5 cxd5 14. Nxe6 Qxe6 15. Bh6 0-0-0 16. Rfd1 Rd7 17. Be3 Kb8 18. Qa3 d4 19. Bd2 h5 20. Rac1 h4 21. Bb4 hxg3 22. hxg3 Nf5 23. Bc5 a6 24. b4 b5 25. Qf3 Kc7 26. Be7+ 1-0

[Event "Central Asia Cup 3rd"]
[Site "Dushanbe"]
[Date "2013.10.12"]
[Round "1"]
[White "Kotsur, Pavel"]
[Black "Tokhirjanova, Hulkar"]
[Result "1-0"]
[WhiteElo "2559"]
[BlackElo "2135"]
[PlyCount "83"]
[EventDate "2013.10.12"]
[EventType "swiss"]
[EventRounds "9"]
[EventCountry "TJK"]
[SourceTitle "EXT 2014"]
[Source "ChessBase"]
[SourceDate "2013.11.20"]
[SourceVersion "1"]
[SourceVersionDate "2013.11.20"]
[SourceQuality "1"]

1. Nf3 d5 2. d4 e6 3. c4 Be7 4. g3 Nf6 5. Bg2 dxc4 6. Qa4+ Bd7 7. Qxc4 Bc6 8. 0-0 a6 9. Bg5 0-0 10. Rd1 Bd5 11. Qd3 Be4 12. Qe3 Nbd7 13. Nc3 Bc6 14. Qd3 b5 15. e4 b4 16. Bxf6 Nxf6 17. Ne5 Be8 18. Ne2 Bb5 19. Qe3 Nd7 20. Nd3 Rc8 21. Rac1 Qe8 22. Nef4 a5 23. h4 c6 24. b3 Bd8 25. e5 Bb6 26. Nc5 Bxc5 27. dxc5 Nb8 28. Rd6 Na6 29. Ne2 Bxe2 30. Qxe2 Nb8 31. a3 Qe7 32. axb4 axb4 33. Rc4 Qa7 34. Kh2 Rc7 35. Qe3 Qa3 36. h5 Ra7 37. h6 g6 38. Qf4 f5 39. exf6 Qxb3 40. Bh3 Qb2 41. Bxe6+ Kh8 42. Rxb4 1-0

[Event "UZB-ch (Women)"]
[Site "Tashkent"]
[Date "2013.05.07"]
[Round "1"]
[White "Tokhirjanova, Hulkar"]
[Black "Hamrakulova, Yulduz"]
[Result "1-0"]
[WhiteElo "2120"]
[BlackElo "2111"]
[PlyCount "57"]
[EventDate "2013.05.07"]
[EventType "tourn"]
[EventRounds "11"]
[EventCountry "UZB"]
[SourceTitle "EXT 2015"]
[Source "ChessBase"]
[SourceDate "2014.11.20"]
[SourceVersion "1"]
[SourceVersionDate "2014.11.20"]
[SourceQuality "1"]

1. e4 e6 2. d4 d5 3. e5 c5 4. c3 Nc6 5. Nf3 Qb6 6. a3 Nh6 7. Bd3 Bd7 8. Bc2 g6 9. dxc5 Qxc5 10. Be3 Qa5 11. 0-0 Bg7 12. h3 Nf5 13. Bf4 Qb6 14. b4 f6 15. Re1 fxe5 16. Bxf5 gxf5 17. Nxe5 Bxe5 18. Bxe5 Nxe5 19. Qh5+ Ke7 20. Rxe5 Kd6 21. Qe2 Rag8 22. Nd2 Rg6 23. Kh2 Rhg8 24. g3 h5 25. c4 Qd4 26. Rc1 dxc4 27. Nxc4+ Ke7 28. Rd1 Qc3 29. Rd3 1-0

[Event "Agzamov Memorial 07th"]
[Site "Tashkent"]
[Date "2013.04.15"]
[Round "2"]
[White "Khamrakulov, Djurabek"]
[Black "Tokhirjanova, Hulkar"]
[Result "1-0"]
[WhiteElo "2429"]
[BlackElo "2159"]
[PlyCount "53"]
[EventDate "2013.04.14"]
[EventType "swiss"]
[EventRounds "9"]
[EventCountry "UZB"]
[SourceTitle "CBM 154 Extra"]
[Source "ChessBase"]
[SourceDate "2013.06.25"]
[SourceVersion "2"]
[SourceVersionDate "2013.06.25"]
[SourceQuality "1"]

1. e4 c6 2. d4 d5 3. exd5 cxd5 4. c4 Nf6 5. Nc3 e6 6. Nf3 Bb4 7. cxd5 Nxd5 8. Qc2 Nc6 9. Bc4 Be7 10. 0-0 0-0 11. a3 a6 12. Rd1 Nxc3 13. bxc3 b5 14. Bd3 g6 15. a4 b4 16. Bh6 Re8 17. Be4 Bb7 18. d5 exd5 19. Bxd5 Qc8 20. cxb4 Bf6 21. Rac1 Nd4 22. Qxc8 Ne2+ 23. Kf1 Bxc8 24. Bxa8 Nxc1 25. Bc6 Rd8 26. Rxd8+ Bxd8 27. Bxc1 1-0

[Event "UZB-ch 1st league"]
[Site "Tashkent"]
[Date "2013.03.23"]
[Round "13"]
[White "Rustamov, Alisher"]
[Black "Tokhirjanova, Hulkar"]
[Result "1/2-1/2"]
[WhiteElo "2226"]
[BlackElo "2171"]
[PlyCount "87"]
[EventDate "2013.03.11"]
[EventType "tourn"]
[EventRounds "13"]
[EventCountry "UZB"]
[SourceTitle "EXT 2014"]
[Source "ChessBase"]
[SourceDate "2013.11.20"]
[SourceVersion "1"]
[SourceVersionDate "2013.11.20"]
[SourceQuality "1"]

1. e4 c6 2. d4 d5 3. e5 Bf5 4. Bd3 Bxd3 5. Qxd3 e6 6. Ne2 Nd7 7. 0-0 c5 8. c3 Ne7 9. Bg5 Qb6 10. Nd2 Nf5 11. g4 Ne7 12. Ng3 Nc6 13. Nf3 cxd4 14. cxd4 Qxb2 15. Rab1 Qa3 16. Qxa3 Bxa3 17. Rxb7 Nb6 18. Bc1 Bb4 19. a3 Be7 20. Bg5 Bxa3 21. Ra1 Nc4 22. Rc7 N6a5 23. Rxa3 Nxa3 24. Bd2 0-0 25. Bxa5 Rfc8 26. Rd7 Nc4 27. Be1 a5 28. Nh5 Rd8 29. Rb7 Rdb8 30. Rc7 Rb1 31. Kg2 Rab8 32. Ra7 R1b7 33. Ra6 Rb5 34. Ra7 h6 35. g5 R8b7 36. Ra8+ Rb8 37. Ra7 R8b7 38. Ra8+ Rb8 39. Ra7 R8b7 40. Ra6 R7b6 41. Ra8+ Rb8 42. Ra7 R8b7 43. Ra8+ Rb8 44. Ra7 1/2-1/2

[Event "UZB-ch 1st league"]
[Site "Tashkent"]
[Date "2013.03.18"]
[Round "8"]
[White "Tokhirjanova, Hulkar"]
[Black "Galyamov, Vildan"]
[Result "1/2-1/2"]
[WhiteElo "2171"]
[BlackElo "2172"]
[PlyCount "52"]
[EventDate "2013.03.11"]
[EventType "tourn"]
[EventRounds "13"]
[EventCountry "UZB"]
[SourceTitle "EXT 2014"]
[Source "ChessBase"]
[SourceDate "2013.11.20"]
[SourceVersion "1"]
[SourceVersionDate "2013.11.20"]
[SourceQuality "1"]

1. e4 e6 2. d4 d5 3. Nd2 dxe4 4. Nxe4 Nd7 5. Bd3 Ngf6 6. Qe2 c5 7. Nxf6+ Nxf6 8. dxc5 Bxc5 9. Nf3 Qd5 10. Bg5 Be7 11. 0-0 0-0 12. c4 Qc5 13. a3 Qc7 14. b4 b6 15. Ne5 Bb7 16. Rac1 Rad8 17. Bf4 Qc8 18. c5 bxc5 19. bxc5 Bxc5 20. Bg5 Rd5 21. Bxf6 gxf6 22. Qh5 f5 23. Rc4 Rd4 24. Qg5+ Kh8 25. Qf6+ Kg8 26. Qg5+ Kh8 1/2-1/2

[Event "UZB-ch 1st league"]
[Site "Tashkent"]
[Date "2013.03.13"]
[Round "3"]
[White "Tokhirjanova, Hulkar"]
[Black "Faizulaev, Akmal"]
[Result "0-1"]
[WhiteElo "2171"]
[BlackElo "2312"]
[PlyCount "96"]
[EventDate "2013.03.11"]
[EventType "tourn"]
[EventRounds "13"]
[EventCountry "UZB"]
[SourceTitle "EXT 2014"]
[Source "ChessBase"]
[SourceDate "2013.11.20"]
[SourceVersion "1"]
[SourceVersionDate "2013.11.20"]
[SourceQuality "1"]

1. e4 c5 2. Nf3 Nc6 3. d4 cxd4 4. Nxd4 Qb6 5. Nb3 Nf6 6. Nc3 e6 7. Be3 Qc7 8. a3 a6 9. Be2 b5 10. 0-0 Be7 11. f4 d6 12. Kh1 Bb7 13. Bf3 Rc8 14. Qe1 0-0 15. Qg3 b4 16. axb4 Nxb4 17. Nd4 Kh8 18. Rf2 Qb8 19. Re1 Rc4 20. e5 Nfd5 21. Nxd5 Nxd5 22. c3 Nxe3 23. Rxe3 Bxf3 24. Qxf3 Rfc8 25. Qe4 g6 26. Qf3 Qa8 27. Qe2 Ra4 28. b3 Ra1+ 29. Rf1 Rxf1+ 30. Qxf1 Qb7 31. Qd3 Qb6 32. Re1 Qc5 33. Qxa6 Qxc3 34. Nf3 d5 35. Qa4 Kg7 36. h3 Rc7 37. Rd1 Qc2 38. Ra1 Qb2 39. Ra2 Qb1+ 40. Kh2 Rc1 41. Re2 h5 42. Qe8 h4 43. Re1 Rxe1 44. Nxe1 Bc5 45. Nf3 Bf2 46. g4 Bg3+ 47. Kg2 Qc2+ 48. Kh1 Qf2 0-1

[Event "UZB-ch 1st league"]
[Site "Tashkent"]
[Date "2013.03.11"]
[Round "1"]
[White "Tokhirjanova, Hulkar"]
[Black "Guseynov, Alihan"]
[Result "0-1"]
[WhiteElo "2171"]
[BlackElo "2173"]
[PlyCount "107"]
[EventDate "2013.03.11"]
[EventType "tourn"]
[EventRounds "13"]
[EventCountry "UZB"]
[SourceTitle "EXT 2014"]
[Source "ChessBase"]
[SourceDate "2013.11.20"]
[SourceVersion "1"]
[SourceVersionDate "2013.11.20"]
[SourceQuality "1"]

1. e4 c5 2. Nf3 Nc6 3. d4 cxd4 4. Nxd4 Nf6 5. Nc3 d6 6. Bg5 e6 7. Qd2 a6 8. 0-0-0 Bd7 9. f4 b5 10. Nxc6 Bxc6 11. Bd3 b4 12. Bxf6 gxf6 13. Ne2 Qb6 14. Rhe1 a5 15. Ng3 h5 16. Kb1 Qc5 17. Qe2 a4 18. f5 a3 19. e5 Qxe5 20. Qxe5 fxe5 21. fxe6 fxe6 22. Bg6+ Ke7 23. Rf1 Be8 24. Bxe8 Rxe8 25. Ne4 d5 26. Ng5 Rg8 27. Rf7+ Kd8 28. h4 Bh6 29. bxa3 Bxg5 30. hxg5 bxa3 31. Rd3 Re7 32. Rxa3 Rxf7 33. Ra8+ Kc7 34. Rxg8 Rf1+ 35. Kb2 Rg1 36. Rh8 Rxg2 37. Rxh5 e4 38. a4 e5 39. a5 d4 40. Kb3 e3 41. Rh7+ Kd6 42. a6 e2 43. Rh1 Rxg5 44. a7 Rg8 45. Re1 Ra8 46. Rxe2 Rxa7 47. Kc4 Rc7+ 48. Kd3 Kd5 49. Rh2 e4+ 50. Kd2 Rg7 51. Rh8 Rg2+ 52. Kd1 Ke5 53. Rh5+ Kf4 54. Rh4+ 0-1

[Event "Olympiad Women-40"]
[Site "Istanbul"]
[Date "2012.09.03"]
[Round "6.3"]
[White "Klinova, Masha"]
[Black "Tokhirjanova, Hulkar"]
[Result "1/2-1/2"]
[WhiteElo "2317"]
[BlackElo "2147"]
[PlyCount "60"]
[EventDate "2012.08.28"]
[EventType "team-swiss"]
[EventRounds "11"]
[EventCountry "TUR"]
[SourceTitle "CBM 150 Extra"]
[Source "ChessBase"]
[SourceDate "2012.10.19"]
[SourceVersion "1"]
[SourceVersionDate "2012.10.19"]
[SourceQuality "1"]
[WhiteTeam "Israel (W)"]
[BlackTeam "Uzbekistan (W)"]
[WhiteTeamCountry "ISR"]
[BlackTeamCountry "UZB"]

1. e4 c6 2. d4 d5 3. Nc3 dxe4 4. Nxe4 Bf5 5. Ng3 Bg6 6. Nf3 Nd7 7. h4 h6 8. h5 Bh7 9. Bd3 Bxd3 10. Qxd3 e6 11. Bd2 Qc7 12. 0-0-0 0-0-0 13. Qe2 Bd6 14. Ne4 Bf4 15. Bxf4 Qxf4+ 16. Qe3 Qxe3+ 17. fxe3 Kc7 18. Nf2 Ngf6 19. c3 Rhe8 20. Nd3 Ne4 21. Rh4 Ndf6 22. Nfe5 Re7 23. Rf1 Ng5 24. c4 Nfe4 25. Nf3 Ng3 26. Re1 N5e4 27. Rh3 f6 28. Kc2 a5 29. Nc5 b6 30. Nxe4 Nxe4 1/2-1/2

[Event "Olympiad Women-40"]
[Site "Istanbul"]
[Date "2012.08.28"]
[Round "1.2"]
[White "Tokhirjanova, Hulkar"]
[Black "Gameel, Amal"]
[Result "1-0"]
[WhiteElo "2147"]
[BlackElo "1753"]
[PlyCount "37"]
[EventDate "2012.08.28"]
[EventType "team-swiss"]
[EventRounds "11"]
[EventCountry "TUR"]
[SourceTitle "CBM 150 Extra"]
[Source "ChessBase"]
[SourceDate "2012.10.19"]
[SourceVersion "1"]
[SourceVersionDate "2012.10.19"]
[SourceQuality "1"]
[WhiteTeam "Uzbekistan (W)"]
[BlackTeam "Yemen (W)"]
[WhiteTeamCountry "UZB"]
[BlackTeamCountry "YEM"]

1. e4 e5 2. Nf3 Nc6 3. d4 exd4 4. Nxd4 Bc5 5. Nb3 Bb6 6. Nc3 h6 7. Bf4 d6 8. Qd2 Be6 9. Bb5 Nge7 10. 0-0-0 Qd7 11. Nd5 0-0-0 12. a4 a6 13. Bxc6 bxc6 14. Nxb6+ cxb6 15. Bxd6 f6 16. Qb4 Ng6 17. Qxb6 Qb7 18. Qxb7+ Kxb7 19. Nc5+ 1-0